Statistics for #2 Hits of the 80's

Click here to take the quiz!

General Stats

  • This quiz has been taken 269 times
  • The average score is 43 of 94

Answer Stats

YearSong NameAnswer% Correct
1987Causing a CommotionMadonna
98%
1989Express YourselfMadonna
98%
1985Material GirlMadonna
98%
1989CherishMadonna
98%
1987U Got the LookPrince & Sheena Easton
96%
1984Purple RainPrince & the Revolution
96%
1985Raspberry BeretPrince & the Revolution
96%
1984Girls Just Want to Have FunCyndi Lauper
89%
1986Manic MondayThe Bangles
84%
1988Hazy Shade of WinterThe Bangles
84%
1984Dancing in the DarkBruce Springsteen
82%
1983The Girl is MineMichael Jackson & Paul McCartney
81%
1983Time (Clock of the Heart)Culture Club
80%
1983Do You Really Want to Hurt MeCulture Club
80%
1988Pour Some Sugar on MeDef Leppard
80%
198499 LuftballonsNena
78%
1982RosannaToto
78%
1986Dancing on the CeilingLionel Richie
77%
1987I Want Your SexGeorge Michael
73%
1984/85The Wild BoysDuran Duran
70%
1987NotoriousDuran Duran
70%
1981Start Me UpThe Rolling Stones
69%
1988I Don't Want to Go on with You Like thatElton John
68%
1986Danger ZoneKenny Loggins
68%
1987Let's Wait AwhileJanet Jackson
66%
1985We Don't Need Another HeroTina Turner
66%
1986Typical MaleTina Turner
66%
1986Everybody Have Fun TonightWang Chung
65%
1989Sowing the Seeds of LoveTears for Fears
61%
1986When the Going Gets Tough, the Tough Get GoingBilly Ocean
59%
1985LoverboyBilly Ocean
59%
1989Girl You Know it's TrueMilli Vanilli
57%
1985Easy LoverPhilip Bailey & Phil Collins
57%
1981/82Waiting for a Girl Like YouForeigner
56%
1982We Got the BeatThe Go-Go's
55%
1988What Have I Done to Deserve this?Pet Shop Boys & Dusty Springfield
53%
1983Electric AvenueEddy Grant
52%
1981WomanJohn Lennon
51%
1988Devil InsideINXS
49%
1988Simply IrresistableRobert Palmer
49%
1986I Didn't Mean to Turn You onRobert Palmer
49%
1986R.O.C.K. in the USAJohn Cougar Mellencamp
48%
1980All Out of LoveAir Supply
47%
1983Making Love Out of Nothing at AllAir Supply
47%
1982Hurts So GoodJohn Cougar
47%
1987Don't Dream it's OverCrowded House
44%
1985/86Party All the TimeEddie Murphy
44%
1982Open ArmsJourney
44%
1984Somebody's Watching MeRockwell
44%
1985CherishKool & the Gang
42%
1984JoannaKool & the Gang
42%
1987Is this LoveWhitesnake
42%
1985The Heat is onGlenn Frey
37%
1985You Belong to the CityGlenn Frey
37%
1988I Get WeakBelinda Carlisle
35%
1989Love SongThe Cure
34%
1980Ride Like the WindChristopher Cross
33%
1982GloriaLaura Branigan
33%
1983/84Say it Isn't SoDaryl Hall & John Oates
31%
1989Wild ThingTone Loc
31%
1986Burning HeartSurvivor
29%
1982Don't Talk to StrangersRick Springfield
28%
1983JeopardyThe Greg Kihn Band
27%
1988Shattered DreamsJohnny Hates Jazz
26%
1981Love on the RocksNeil Diamond
26%
1981All Those Years AgoGeorge Harrison
24%
1988Endless Summer NightsRichard Marx
23%
1987Keep Your Hands to YourselfGeorgia Satellites
22%
1981Queen of HeartsJuice Newton
22%
1987Somewhere Out ThereLinda Ronstadt & James Ingram
22%
1987C'est La VieRobbie Nevil
22%
1981Slow HandThe Pointer Sisters
22%
1989Don't Know MuchLinda Ronstadt
20%
1989Cover GirlNew Kids on the Block
20%
1981Being with YouSmokey Robinson
20%
1989On Our OwnBobby Brown
18%
1981Just the Two of UsGrover Washington Jr. & Bill Withers
18%
1983Shame on the MoonBob Seger & The Silver Bullet Band
16%
1980More Than I Can SayLeo Sayer
16%
1989The Lover in MeSheena Easton
15%
1988Don't Rush MeTaylor Dayne
15%
1989HeavenWarrant
15%
1980Yes, I'm ReadyTeri DeSario & KC
14%
1980Working My Way Back to You/Forgive Me GirlThe Spinners
14%
1986Don't Forget me (When I'm Gone)Glass Tiger
13%
1989Soldier of LoveDonny Osmond
12%
1987Looking for a New LoveJody Watley
12%
1989Real LoveJody Watley
12%
1988Mercedes BoyPebbles
12%
1981Theme from 'Greatest American Hero'Joey Scarbury
10%
1985All I NeedJack Wagner
9%
1988Hands to HeavenBreathe
8%
1980LongerDan Fogelberg
7%
1986Friends & LoversGloria Loring & Carl Anderson
5%

Score Distribution

Percentile by Number Answered

Percent of People with Each Score

Your Score History

You have not taken this quiz